000 00234nam a22000857a 4500
008 160917b xxu||||| |||| 00| 0 eng d
100 _9651
_aBhattacharya.B.
245 _aOur Social Panoramma-IV
260 _aNew Delhi
_bP.P. Publications
_c2011
999 _c3308
_d3308